00584 a2200157 450000500170000001000150001702000260003203500140005803700090007208200110008110000270009224501730011926000390029227000750033130000200040620250108164457.0 aENG-143252 a9788187393955c795.00 aEN-126784 bDBAD a327.54 aChattopadhyay, Pratip  aDomestic Roots of Indian Foreign Policy and Marxist Political Parties:b Experiences of UF Government (1996-1998) and UPA Government (2004-09)/cBy Pratip Chattopadhyay aNew DelhibAdroit Publishersc2022 a4675/21, Ganpati Bhawan, Ansari Road , Darya Ganj, bNew Delhie110002 a249p.c22cm(hb)